| 000 | 00700cam a2200241 a 4500 | ||
|---|---|---|---|
| 001 | 16990280 | ||
| 005 | 20180206042443.0 | ||
| 008 | 111005s2011 nju 000 0 eng | ||
| 010 | _a 2011290986 | ||
| 020 | _a9781422480632 (hbk.) | ||
| 040 |
_aDLC _cDLC _dDLC |
||
| 041 | _aeng | ||
| 042 | _apcc | ||
| 043 | _an-us--- | ||
| 080 | _a341 | ||
| 082 | _2341 KIN | ||
| 100 | 1 | _a14 | |
| 101 | _aSHJ | ||
| 245 | 1 | 0 |
_aCommercial transactions under the Uniform commercial code and other laws / _cDonald B. King. |
| 906 |
_a7 _bcbc _corigcop _d2 _encip _f20 _gy-gencatlg |
||
| 942 |
_2ddc _cBK |
||
| 999 |
_c41891 _d41891 |
||